Quiz Overwatch (1 & 2) 4 - Statistiques

Statistiques générales
  • Ce quiz a été pris 106 fois
  • Le résultat moyen est 9 sur 15
Statistiques - réponses
Question Réponse % Correct
Quel héros d'Overwatch 1 n'a pas reçu de skin intitulé "Overwatch 2" (redesign général des héros pour la sortie du jeu) Echos
91%
Aux débuts d'Overwatch 1, que transportait le convoi à escorter sur la carte Numbani ? Le gant de Doomfist
91%
Pourquoi Fatale a la peau bleue ? Moira a ralentit son rythme cardiaque
86%
Dans la cinématique "Le Dernier Bastion", dans quel pays se réveille Bastion ? Allemagne
83%
Quel est le prénom de Cassidy ? Cole
77%
Quel est le premier héros à avoir reçu un skin pour la St Valentin ? Hanzo
66%
Lors d'une interaction en jeu, Torbjörn demande à Ange "l'étendue de sa Valkyrie", que demande-t-elle en échange ? La recette de tarte au pomme de sa femme
66%
Si Jack Morrison était le soldat 76, Gabriel Reyes était le soldat... 24
57%
Que se passe-t-il lorsque l'on termine une partie sur Gibraltar ? La navette à la fin de la carte décolle
57%
Quel héros s'appelle Sloan Cameron ? Venture
54%
Parmi ces cartes, laquelle n'a pas lieu dans une capitale ? Midtown
51%
Dans le cour métrage "Infiltration" qui introduit Sombra, qui déclenche l'alarme ? Sombra
51%
Quel tank peut augmenter la résistance de ses alliés ? (réduction des dégâts subits) Mauga
43%
Lors de la Béta d'Overwatch 2, quel personnage a reçu un rework (modification des capacités) qui n'a pas été retenu à la sortie du jeu ? Moira
31%
Quelle affirmation est fausse ? Autrefois… Tracer ne récupérait pas ses points de vie en utilisant son rappel
31%
Aucun quiz correspondant
Distribution des résultats
% des personnes avec chaque résultat
Percentile par nombre de réponses
Votre historique - résultats
Vous n’avez pas pris ce quiz